| 000 | 00000nam##2200000za#4500 |
| 001 | 9.643436 |
| 003 | CaOODSP |
| 005 | 20210624224152 |
| 007 | cr ||||||||||| |
| 008 | 150407|2014||||xxc|||||o f|0| 0 fre|d |
| 020 | |a978-0-660-22345-2 |
| 040 | |aCaOODSP|bfre |
| 043 | |an-cn--- |
| 086 | 1 |aIu4-154/2014F-PDF |
| 110 | 1 |aCanada. |bIndustrie Canada. |bDirection générale de la vérification et de l'évaluation. |
| 245 | 10|aÉvaluation du Programme de développement des collectivités : |h[ressource électronique]|brapport final |
| 260 | |aOttawa - Ontario : |bIndustrie Canada. |cAvril 2014. |
| 300 | |a47p.|bfigures en couleur, tableaux |
| 500 | |a« Recommandé au sous-ministre pour approbation le 26 mars 2014 par le Comité ministériel d'évaluation, approuvé par le sous-ministre le 29 avril 2014. » |
| 590 | |a15-13|b2015-03-27 |
| 691 | 07|aProgramme communautaire|2gcpds |
| 775 | 08|tEvaluation of the Community Futures Program : |w(CaOODSP)9.699467 |
| 856 | 40|ahttp://publications.gc.ca|qPDF|s1020 Ko|uhttps://publications.gc.ca/collections/collection_2015/ic/Iu4-154-2014-fra.pdf |